000 00586cam a2200217ua 4500
001 6471
008 131212n ii |||gr||||Z||||||eng
040 _cMAIN
082 _a338.7
245 _aBusiness organisation and commercial practice
_cBy S.S. Sarkar
250 _a1st ed.
260 _aLudhiana:
_bKalyani publishers,
_c1996.
300 _ax,399p.
653 _aCommerce
653 _aBusiness organisation
700 _aSarkar,S.S.,
_eAuthor.,
700 _aSharma,R.K.,
_eAuthor.
700 _aGupta,Shashi K.,
_eAuthor.
700 _aNayyar,Sushil,
_eAuthor.
942 _cBK
999 _c5620
_d5620